Interpretación de las normas internacionales sobre derechos humanos : (Registro nro. 7424)
[ vista simple ]
| 000 -LEADER | |
|---|---|
| fixed length control field | 01249cam a22002894a 4500 |
| 001 - CONTROL NUMBER | |
| control field | 16161255 |
| 003 - CONTROL NUMBER IDENTIFIER | |
| control field | OSt |
| 005 - DATE AND TIME OF LATEST TRANSACTION | |
| control field | 20210303125336.0 |
| 008 - FIXED-LENGTH DATA ELEMENTS--GENERAL INFORMATION | |
| fixed length control field | 100301s2002 ck b 001 0 spa |
| 010 ## - LIBRARY OF CONGRESS CONTROL NUMBER | |
| LC control number | 2010385704 |
| 020 ## - INTERNATIONAL STANDARD BOOK NUMBER | |
| Canceled/invalid ISBN | 9692990 |
| 035 ## - SYSTEM CONTROL NUMBER | |
| System control number | (BoCbLA)la1003X4546 |
| 035 ## - SYSTEM CONTROL NUMBER | |
| System control number | (BO-CbLA)la1003X4546 |
| 040 ## - CATALOGING SOURCE | |
| Original cataloging agency | DLC |
| Transcribing agency | CO-JMCR |
| 041 0# - LANGUAGE CODE | |
| Language code of text/sound track or separate title | spa |
| 082 04 - DEWEY DECIMAL CLASSIFICATION NUMBER | |
| Classification number | 323.026 / |
| Item number | N124i |
| Edition number | 23 |
| 110 2# - MAIN ENTRY--CORPORATE NAME | |
| Corporate name or jurisdiction name as entry element | Naciones Unidas |
| Subordinate unit | Alto Comisionado de las Naciones Unidas para los Derechos Humanos |
| 9 (RLIN) | 14301 |
| 245 10 - TITLE STATEMENT | |
| Title | Interpretación de las normas internacionales sobre derechos humanos : |
| Remainder of title | observaciones y recomendaciones generales de los órganos de vigilancia de los tratados internacionales de derechos humanos de las Naciones Unidas. |
| Statement of responsibility, etc. | Alto Comisionado de las Naciones Unidas para los Derechos Humanos |
| 250 ## - EDITION STATEMENT | |
| Edition statement | Primera edición |
| 260 ## - PUBLICATION, DISTRIBUTION, ETC. | |
| Place of publication, distribution, etc. | Bogotá : |
| Name of publisher, distributor, etc. | Oficina en Colombia, Alto Comisionado de las Naciones Unidas para los Derechos Humanos, |
| Date of publication, distribution, etc. | 2002. |
| 300 ## - PHYSICAL DESCRIPTION | |
| Extent | 513 páginas ; |
| Dimensions | 23 cm. |
| 500 ## - GENERAL NOTE | |
| General note | Incluye notas a pie de pagina. |
| 505 0# - FORMATTED CONTENTS NOTE | |
| Formatted contents note | Comité de derechos humanos -- Comité para eliminación de la discriminación racial |
| 650 14 - SUBJECT ADDED ENTRY--TOPICAL TERM | |
| Topical term or geographic name entry element | Derechos humanos |
| 9 (RLIN) | 14302 |
| 650 24 - SUBJECT ADDED ENTRY--TOPICAL TERM | |
| Topical term or geographic name entry element | Derechos civiles |
| 9 (RLIN) | 14303 |
| 942 ## - ADDED ENTRY ELEMENTS (KOHA) | |
| Source of classification or shelving scheme | Dewey Decimal Classification |
| Koha item type | Books |
| Withdrawn status | Lost status | Source of classification or shelving scheme | Damaged status | Not for loan | Home library | Current library | Shelving location | Date acquired | Source of acquisition | Total Checkouts | Full call number | Barcode | Date last seen | Copy number | Price effective from | Koha item type |
|---|---|---|---|---|---|---|---|---|---|---|---|---|---|---|---|---|
| Dewey Decimal Classification | Biblioteca Pública José María del Castillo y Rada | Biblioteca Pública José María del Castillo y Rada | General Stacks | 04/15/2018 | Donación | 323.026 / N124i | 201810526 | 05/16/2024 | Ej.1 | Books |